Statistiche per Imperatori del Sacro Romano Impero

Clicka qui per fare il quiz!

Statistiche generali

  • Questo quiz è stato fatto 252 volte
  • Il punteggio medio è 11 su 23

Statistiche sulle risposte

#Nome% Corretto
7Carlo
99%
3Federico
88%
4Ottone
82%
2Francesco
77%
6Enrico
75%
4Ludovico
67%
2Giuseppe
62%
2Lotario
55%
3Ferdinando
54%
2Massimiliano
47%
2Alberto
43%
1Guido
40%
3Corrado
38%
1Mattia
38%
2Rodolfo
38%
2Leopoldo
37%
1Roberto
31%
1Sigismondo
31%
1Adolfo
25%
1Berengario
23%
1Venceslao
22%
1Lamberto
20%
1Arnolfo
19%

Distribuzione punteggi

Percentile per numero di risposta

Percentuale di utenti per punteggio

I tuoi punteggi nel tempo

Non hai fatto questo quiz